00493nam a2200145Ia 4500008004100000082001500041100001900056245005700075260004200132630001800174650002600192942000900218952010500227999001500332211109s9999||||xx |||||||||||||| ||und|| a824bDRY-D aDryden, John,  0aDefence Of An Essay Of Dramantic Poesy Ed By Allan M bUniversity of TorontoaNew Yorkc1900 xGeneral Stack aENGLISHESSAYxEnglish cBOOK 00104070aSBCLbSBCLc2d2021-11-09l0o824 DRY-Dp00004661r2021-11-09 00:00:00w2021-11-09yBOOK c4245d4245